Score 0/300 Timer 20:00
0 Plays Today
Answer % Correct
A
98.4%
the
98.4%
the
98.4%
a
98.4%
and
98.4%
the
98.4%
the
98.4%
a
98.4%
the
98.4%
The
98.4%
AND
98.4%
The
98.4%
the
98.4%
the
98.4%
and
98.4%
the
98.4%
the
98.4%
the
98.4%
and
98.4%
and,
98.4%
the
98.4%
and
98.4%
a
98.4%
a
98.4%
the
98.4%
the
98.4%
the
98.4%
the
98.4%
the
98.4%
and
98.4%
the
98.4%
Harry
97.7%
Harry
97.7%
to
94.5%
to
94.5%
to
94.5%
to
94.5%
to
94.5%
in
94.1%
be
94.1%
in
94.1%
in
94.1%
be
94.1%
be
94.1%
in
94.1%
her.
92.8%
of
92.3%
of
92.3%
OF
92.3%
of
92.3%
an
92.3%
of
92.3%
of
92.3%
of
92.3%
of
92.3%
of
92.3%
an
92.3%
on
92.1%
ON
92.1%
on
92.1%
or
90.9%
or
90.9%
or
90.9%
not
90.7%
NOT
90.7%
DO
90.3%
you,
89.6%
1. You
89.6%
you
89.6%
was
87.7%
was
87.7%
was
87.7%
as
87.7%
as
87.7%
as
87.7%
it
87.3%
it
87.3%
so
85.9%
for
85.3%
is
85.3%
is
85.3%
at
85.3%
YOUR
85%
your
85%
your
85%
your
85%
his
83.7%
his
83.7%
are
82.3%
are
82.3%
Magic
81.6%
They
81.6%
Ministry
81%
ministry
81%
that
80.9%
that
80.9%
that
80.9%
that
80.9%
from
80.3%
have
77.5%
Answer % Correct
too
76.4%
all
76%
2.)
76%
should
75.8%
5. Should
75.8%
been
75.8%
6. Should
75.8%
should
75.8%
but
75.3%
but
75.3%
(see
75%
(see
75%
(see
75%
under
74.8%
under
74.8%
DARK
74.6%
Dark
74.6%
FAMILY
74.4%
family,
74.4%
family
74.4%
family
74.4%
family
74.4%
family
74.4%
any
74.2%
Any
74.2%
Its
73.2%
Death
72.5%
Death
72.5%
Death
72.5%
protect
72.3%
Eaters.
71.7%
Eaters
71.7%
Eaters
71.7%
with
71.2%
will
71.2%
with
71.2%
with
71.2%
friend,
70.1%
The Half Blood Prince
70.1%
by
67.4%
has
66.4%
house
65.5%
house,
65.5%
over
65.5%
Curse.
64.4%
Mark
63.5%
may
63.3%
may
63.3%
member,
62.8%
friends
62.3%
Imperius
62.3%
leave
61%
4.)
60.8%
ENTER
60.5%
HOME
60.3%
home
60.3%
put
59.6%
room.
57.2%
IMMEDIATELY.
55.5%
IMMEDIATELY.
55.5%
now
55.3%
down
54.9%
PROTECTING
54.4%
AGAINST
54.2%
against
54.2%
once.
53.7%
hear
53.5%
night
53.5%
looked
53.1%
other
53.1%
members
51.7%
members.
51.7%
appear
51.7%
reported
51.2%
Potion
51%
Auror
50.8%
page
49.2%
page
49.2%
page
49.2%
use
48.8%
strange
47.6%
close
47.4%
close
47.4%
acting
47%
contact
47%
contact
47%
Office
46.9%
Inferi.
46.9%
Inferi,
46.9%
middle
46.5%
before
46.2%
case
46%
manner,
46%
building,
46%
open;
45.8%
leaflet
45.8%
place
45.6%
Polyjuice
45.1%
10.)
45.1%
around
44.4%
Answer % Correct
attack.
43.3%
advised
43.1%
words:
42.4%
alone.
42.4%
using
42.4%
FORCES
42%
aware
41.1%
very
41%
face
41%
wizarding
40.6%
security
40.6%
security
40.6%
security
40.6%
help
39.9%
questions
39.9%
neighbor
39.4%
community
39.2%
sure
39.2%
large
38.1%
trunk
37.9%
stood
37.4%
lay
37%
Magical
37%
threat
36.3%
empty
36%
empty
36%
window
35.6%
charms,
35.2%
sighting
35.1%
floor,
34.3%
BEHALF
34.3%
dwelling
34%
taken
33.5%
following
32.4%
underage
32.4%
sleep
32.4%
Law
32.2%
currently
31.8%
old
31.5%
calling
31.3%
fallen.
31.1%
such
31.1%
Apparition.
30.8%
lid
30.6%
others
30.6%
Will and Won't
29.9%
Enforcement
29.7%
care
29.5%
measures
29.5%
itself
29.3%
hours
29.2%
Side-Along
29.2%
purple
28.6%
organization
28.3%
during
28.3%
4. Agree
28.3%
asleep
27.7%
making
26.7%
feel
25.9%
yet
25.6%
squad
25.6%
Nearby,
25%
complete
25%
darkness.
24.7%
ink
24.3%
bottom.
24.2%
deeply
24%
inch
24%
quills
23.4%
bottles
22.9%
broken
22.9%
possible,
22.4%
slid
22.4%
guidelines
21.3%
Shield
21.1%
same
21.1%
encounter
20.2%
emergency
19.7%
emblazoned
19.5%
suggest
19.3%
detect
18.8%
simple
18.6%
sightings
18.4%
grunted
18.2%
Whenever
17.9%
masquerading
17.7%
journeys
17.4%
arrange
16.6%
Disillusionment
16.6%
2.Particular
16.1%
ISSUED
15.7%
underwear,
15.2%
7. Unconfirmed
15%
sweets,
14.5%
3. Review
13.8%
expectant;
12.9%
coated
12.5%
arrangements
12.5%
Observing
12.3%
residue
12%
Remove Ads.
Support Sporcle.
Get the best of Sporcle when you Go Orange. This ad-free experience offers more features, more stats, and more fun while also helping to support Sporcle. Thank you for becoming a member.

You're not logged in!

Compare scores with friends on all Sporcle quizzes.
OR
Log In

Show Comments

Extras

Top Quizzes Today


Score Distribution

Your Account Isn't Verified!

In order to create a playlist on Sporcle, you need to verify the email address you used during registration. Go to your Sporcle Settings to finish the process.

Report this User

Report this user for behavior that violates our Community Guidelines.

Details: